000
00300nam a22001097a 4500
082
_a
604.2 BOG'E
100
_a
BOGOLYUBOV, S,VOINOV, A
_9
79459
245
_a
ENGINEERING DRAWING A COURSE FOR TECHNICAL SCHOOLS OF MECHACNICAL ENGINEERING
260
_a
MOSCOW
_b
MIR
_c
1968
300
_a
348P
942
_c
BK
999
_c
584503
_d
584503